header

Tsunami warning and preparedness (Record no. 124312)

MARC details
000 -LEADER
fixed length control field 02088nam a2200421 a 4500
245 10 - TITLE STATEMENT
Title Tsunami warning and preparedness
260 ## - PUBLICATION, DISTRIBUTION, ETC. (IMPRINT)
Place of publication Washington, D.C. :
Name of publisher National Academies Press,
Year of publication 2011.
300 ## - PHYSICAL DESCRIPTION
Number of Pages xi, 284 p. :
Other physical details ill. (chiefly col.), maps (chiefly col.)
500 ## - GENERAL NOTE
General note "Committee on the Review of the Tsunami Warning and Forecast system and Overview of the Nation's Tsunami Preparedness, Ocean Studies Board, Division on Earth and Life Sciences."
650 #0 - SUBJECT ADDED ENTRY--TOPICAL TERM
Topical Term Tsunami Warning System
Topical Term Emergency management
Topical Term Tsunamis
856 40 - ELECTRONIC LOCATION AND ACCESS
Uniform Resource Identifier http://site.ebrary.com/lib/rucke/Doc?id=10454967

No items available.

© 2026 Rongo University
Contact us: librarian | system librarian | Rongo university